[Event "Levice Toth Memorial"]
[Site "Levice"]
[Date "2019.08.04"]
[Round "6"]
[White "Kohary, Erik"]
[Black "Mederlyova, Maria"]
[Result "1/2-1/2"]
[WhiteElo "1000"]
[BlackElo "1194"]
[PlyCount "80"]
[EventDate "2019.08.01"]
[EventType "swiss"]
[EventRounds "7"]
[EventCountry "SVK"]
[SourceTitle "EXT 2020"]
[Source "ChessBase"]
[SourceDate "2019.10.17"]
[SourceVersion "1"]
[SourceVersionDate "2019.10.17"]
[SourceQuality "1"]

1. d4 Nf6 2. b3 g6 3. Bb2 Bg7 4. Nd2 d6 5. e4 0-0 6. g3 Nc6 7. Ngf3 e6 8. Bb5 a6 9. Bxc6 bxc6 10. 0-0 d5 11. exd5 cxd5 12. Ne5 Nd7 13. Ndf3 f6 14. Nxd7 Qxd7 15. Qd3 a5 16. Rfe1 Re8 17. a4 Qc6 18. Qd2 Ba6 19. Qc3 Qxc3 20. Bxc3 Bb7 21. b4 axb4 22. Bxb4 Bc6 23. a5 Ra6 24. Nd2 Kf7 25. Nb3 Rb8 26. c3 e5 27. Nc5 Ra7 28. Reb1 exd4 29. cxd4 Bf8 30. Bc3 Rxb1+ 31. Rxb1 Bxc5 32. dxc5 Ba8 33. Kf1 Rb7 34. Rxb7 Bxb7 35. Bd4 c6 36. Ke2 f5 37. f4 Bc8 38. Kd3 Ke7 39. Be5 Ba6+ 40. Kd4 Ke6 1/2-1/2

[Event "Levice Toth Memorial"]
[Site "Levice"]
[Date "2019.08.03"]
[Round "4"]
[White "Mederlyova, Maria"]
[Black "Ralik, Oliver"]
[Result "0-1"]
[WhiteElo "1194"]
[BlackElo "1535"]
[PlyCount "54"]
[EventDate "2019.08.01"]
[EventType "swiss"]
[EventRounds "7"]
[EventCountry "SVK"]
[SourceTitle "EXT 2020"]
[Source "ChessBase"]
[SourceDate "2019.10.17"]
[SourceVersion "1"]
[SourceVersionDate "2019.10.17"]
[SourceQuality "1"]

1. d4 Nf6 2. Bf4 d6 3. Nf3 Bg4 4. h3 Bxf3 5. gxf3 Nbd7 6. e4 a6 7. Qd3 e5 8. dxe5 dxe5 9. Bh2 Qe7 10. Nc3 0-0-0 11. 0-0-0 Qc5 12. Rd2 Be7 13. h4 Kb8 14. Bg3 Nb6 15. Qe3 Qxe3 16. fxe3 Rxd2 17. Kxd2 Rd8+ 18. Kc1 Nfd7 19. f4 Bc5 20. Kd2 Nf6+ 21. Ke2 Ng4 22. Nd1 Nc4 23. Rg1 h5 24. f5 Rd2+ 25. Ke1 Rxc2 26. Bd3 Bb4+ 27. Nc3 Rc1+ 0-1

[Event "SVK-ch U14 Girls"]
[Site "Liptovsky Mikulas"]
[Date "2019.04.29"]
[Round "8"]
[White "Bujnova, Karolina"]
[Black "Mederlyova, Maria"]
[Result "0-1"]
[WhiteElo "1177"]
[BlackElo "1207"]
[PlyCount "72"]
[EventDate "2019.04.23"]
[EventType "swiss"]
[EventRounds "9"]
[EventCountry "SVK"]
[SourceTitle "CBM 190 Extra"]
[Source "ChessBase"]
[SourceDate "2019.07.15"]
[SourceVersion "1"]
[SourceVersionDate "2019.07.15"]
[SourceQuality "1"]

1. e4 c5 2. Nf3 Nc6 3. Nc3 g6 4. Bb5 a6 5. Bxc6 bxc6 6. d4 cxd4 7. Nxd4 Bg7 8. Nf3 e5 9. 0-0 Ne7 10. Qd3 d5 11. h3 0-0 12. Bg5 f6 13. Bd2 Rb8 14. Rab1 f5 15. Qe2 fxe4 16. Nh2 Nf5 17. Be3 d4 18. Bxd4 exd4 19. Nxe4 Re8 20. Qd3 Qb6 21. Nd2 a5 22. b3 Ba6 23. Nc4 Qb4 24. Rfd1 Nd6 25. Qg3 Red8 26. Nxd6 Rxd6 27. Re1 a4 28. bxa4 Qxb1 29. Rxb1 Rxb1+ 30. Nf1 Rxf1+ 31. Kh2 Rf6 32. Qb8+ Rf8 33. Qb3+ Kh8 34. f3 Be5+ 35. g3 R8xf3 36. Qe6 R3f2# 0-1

[Event "SVK-ch U14 Girls"]
[Site "Liptovsky Mikulas"]
[Date "2019.04.24"]
[Round "3"]
[White "Zetocha, Adela"]
[Black "Mederlyova, Maria"]
[Result "1-0"]
[WhiteElo "1343"]
[BlackElo "1207"]
[PlyCount "49"]
[EventDate "2019.04.23"]
[EventType "swiss"]
[EventRounds "9"]
[EventCountry "SVK"]
[SourceTitle "CBM 190 Extra"]
[Source "ChessBase"]
[SourceDate "2019.07.15"]
[SourceVersion "1"]
[SourceVersionDate "2019.07.15"]
[SourceQuality "1"]

1. c4 Nf6 2. g3 g6 3. Bg2 Bg7 4. Nc3 0-0 5. e4 d6 6. Nge2 e5 7. d3 Nh5 8. 0-0 f5 9. f4 Nd7 10. Rb1 Ndf6 11. b4 Ng4 12. h3 Nh6 13. Be3 exf4 14. Nxf4 Nxg3 15. Rf3 Bxc3 16. Rxg3 Be5 17. d4 Qh4 18. Rf3 fxe4 19. Nxg6 hxg6 20. Rxf8+ Kxf8 21. dxe5 dxe5 22. Qd5 c6 23. Bc5+ Kg7 24. Qxe5+ Qf6 25. Bf8+ 1-0

[Event "SVK-ch U12 Girls"]
[Site "Liptovsky Mikulas"]
[Date "2018.04.24"]
[Round "4"]
[White "Mederlyova, Maria"]
[Black "Jancovicova, Tamara"]
[Result "0-1"]
[WhiteElo "1275"]
[BlackElo "1000"]
[PlyCount "60"]
[EventDate "2018.04.21"]
[EventType "swiss"]
[EventRounds "7"]
[EventCountry "SVK"]
[SourceTitle "CBM 184 Extra"]
[Source "ChessBase"]
[SourceDate "2018.06.28"]
[SourceVersion "1"]
[SourceVersionDate "2018.06.28"]
[SourceQuality "1"]

1. d4 d5 2. Nf3 Nf6 3. Bf4 Nc6 4. e3 Bg4 5. Be2 e6 6. h3 Bh5 7. Nbd2 Be7 8. c4 0-0 9. 0-0 Ne4 10. Rc1 Nxd2 11. Nxd2 Bxe2 12. Qxe2 dxc4 13. Nxc4 Qd5 14. e4 Nxd4 15. Qd2 Qxe4 16. Rfe1 Qd5 17. Re5 Qd8 18. Rh5 g6 19. Ra5 b6 20. Ra4 b5 21. Ra5 bxc4 22. Rxc4 Bf6 23. Be5 Bxe5 24. Kf1 Bf6 25. Rc3 Nf5 26. Rd3 Qb8 27. Ra4 Rd8 28. Rxd8+ Qxd8 29. Qb4 Qd1+ 30. Qe1 Qxa4 0-1